书目信息 |
| 题名: |
俄译中翻译教程
|
|
| 作者: | 礼长林 编 | |
| 分册: | ||
| 出版信息: | 北京 时代出版社 1955.12 |
|
| 页数: | 318页 | |
| 开本: | 21cm | |
| 丛书名: | ||
| 单 册: | ||
| 中图分类: | H355.9 | |
| 科图分类: | ||
| 主题词: | 俄语 | |
| 电子资源: | ||
| ISBN: | ||
| 000 | 00539nam0 2200205 45 | |
| 001 | 0405101709 | |
| 005 | 20040510171654.9 | |
| 010 | @dCNY1.52 | |
| 091 | @a9013.66 | |
| 100 | @a20040510d1955 km y0chiy0120 ea | |
| 101 | 0 | @achi |
| 105 | @a z 000yy | |
| 200 | 1 | @a俄译中翻译教程@AE Yi Zhong Fan Yi Jiao Cheng@f礼长林编@FLi Chang Lin Bian |
| 210 | @a北京@c时代出版社@d1955.12 | |
| 215 | @a318页@d21cm | |
| 606 | 0 | @a俄语 |
| 690 | @aH355.9@v3 | |
| 701 | 0 | @a礼长林@4编 |
| 801 | @aCN@bPftUser@c20040510 | |
| 905 | @f1@b49506@dH355.9@e184 | |
| 俄译中翻译教程/礼长林编.-北京:时代出版社,1955.12 |
| 318页;21cm |
| ISBN :CNY1.52 |
| ● |
| 相关链接 |
|
|
|
|
正题名:俄译中翻译教程
索取号:H355.9/184
 
预约/预借
| 序号 | 登录号 | 条形码 | 馆藏地/架位号 | 状态 | 备注 |
| 1 | 0049506 | 001060997 | 第四借阅区/ [索取号:H355.9/184] | 在馆 |